| 000 | 00928nam a2200253 i 4500 | ||
|---|---|---|---|
| 001 | 15154 | ||
| 003 | ES-MaACL | ||
| 005 | 20231218163645.0 | ||
| 007 | t| | ||
| 008 | 991229s1999 sp ||||1| spa d | ||
| 020 | _a84-493-0676-0 | ||
| 080 | _a82-3.08 | ||
| 100 | 1 |
_aRicoeur, Paul. _997042 |
|
| 245 | 1 | 0 |
_aHistoria y narratividad / _cPaul Ricoeur ; introducción de Angel Gabilondo y Gabriel Aranzueque ; [traducción de Gabriel Aranzueque Sauquillo]. |
| 260 |
_aBarcelona : _bPaidós Ibérica : _bI.C.E. de la Universidad Autónoma de Barcelona, _c[1999] |
||
| 300 |
_a230 p. ; _c20 cm. |
||
| 490 | 1 |
_aPensamiento contemporáneo ; _v56 |
|
| 650 | 4 |
_aNovela- _xTeoría y técnica. _915606 |
|
| 700 | 1 |
_aGabilondo, Ángel, _d1949- _9138768 |
|
| 700 | 1 |
_aAranzueque Sauquillo, Gabriel. _922337 |
|
| 830 | 0 |
_aPensamiento contemporáneo ; _v56 _9179725 |
|
| 852 |
_aES-MaACL _jL-22295 _bR.127779 |
||
| 999 |
_c15154 _d15154 |
||